Why I am not a Calvinist / (Record no. 4900)
[ view plain ]
| 000 -LEADER | |
|---|---|
| fixed length control field | 00738cam a22002292 4500 |
| 001 - CONTROL NUMBER | |
| control field | 0000000769 |
| 005 - DATE AND TIME OF LATEST TRANSACTION | |
| control field | 20151217151756.0 |
| 008 - FIXED-LENGTH DATA ELEMENTS--GENERAL INFORMATION | |
| fixed length control field | 070219s xx 000 0 eng d |
| 020 ## - INTERNATIONAL STANDARD BOOK NUMBER | |
| International Standard Book Number | 0830832491 : |
| Terms of availability | KES 956 |
| 040 ## - CATALOGING SOURCE | |
| Original cataloging agency | KABU |
| Transcribing agency | KABU |
| 050 #0 - LIBRARY OF CONGRESS CALL NUMBER | |
| Classification number | BX9424.2 |
| Item number | .W35 |
| 100 1# - MAIN ENTRY--PERSONAL NAME | |
| Personal name | Walls, Jerry L. |
| -- | 0000149114 |
| 245 10 - TITLE STATEMENT | |
| Title | Why I am not a Calvinist / |
| Statement of responsibility, etc. | Jerry L. Walls and Joseph R. Dongell. |
| 260 ## - PUBLICATION, DISTRIBUTION, ETC. (IMPRINT) | |
| Place of publication, distribution, etc. | Downers Grove, Illinois : |
| Name of publisher, distributor, etc. | Inter Varsity Press, |
| Date of publication, distribution, etc. | c2004. |
| 300 ## - PHYSICAL DESCRIPTION | |
| Extent | 230 p. ; |
| Dimensions | 22 cm. |
| 504 ## - BIBLIOGRAPHY, ETC. NOTE | |
| Bibliography, etc | Include bibliographical references and indexes. |
| 650 #0 - SUBJECT ADDED ENTRY--TOPICAL TERM | |
| Topical term or geographic name as entry element | Calvinism. |
| -- | 0000149109 |
| 700 1# - ADDED ENTRY--PERSONAL NAME | |
| Personal name | Dongell, Joseph R. |
| -- | 0000149115 |
| 908 ## - PUT COMMAND PARAMETER (RLIN) | |
| Put command parameter | 070219 |
| 950 ## - LOCAL HOLDINGS (RLIN) | |
| -- | 1 |
| Withdrawn status | Lost status | Source of classification or shelving scheme | Not for loan | Home library | Current library | Date acquired | Total Checkouts | Full call number | Barcode | Date last seen | Price effective from | Koha item type |
|---|---|---|---|---|---|---|---|---|---|---|---|---|
| Library of Congress Classification | Kabarak, Main Campus | Kabarak, Main Campus | 17/12/2015 | BX9424.2 .W35 | 000868 | 17/12/2015 | 17/12/2015 | General Collection |